Statistics for Flags of Countries of the World in 1965

Click here to take the quiz!

General Stats

  • This quiz has been taken 112 times
  • The average score is 103 of 132

Answer Stats

Answer% Correct
Chile
100%
Japan
100%
Poland
100%
South Korea
100%
Czechoslovakia
95%
Finland
95%
Uruguay
95%
Israel
94%
Cyprus
93%
Pakistan
93%
Panama
93%
Bulgaria
92%
Malta
91%
San Marino
91%
Belgium
86%
Kenya
86%
Monaco
86%
Switzerland
86%
Malagasy
85%
Turkey
85%
Canada
84%
Denmark
84%
Indonesia
84%
Norway
84%
Saudi Arabia
84%
Spain
84%
United States
84%
West Germany
84%
Afghanistan
83%
Albania
83%
Brazil
83%
Colombia
83%
East Germany
83%
India
83%
Ireland
83%
Jamaica
83%
Lebanon
83%
Mexico
83%
Nepal
83%
Netherlands
83%
People's Republic of China
83%
Portugal
83%
Tunisia
83%
Venezuela
83%
Australia
82%
Austria
82%
Bhutan
82%
Iceland
82%
Luxembourg
82%
New Zealand
82%
Soviet Union
82%
Thailand
82%
Uganda
82%
United Kingdom
82%
Vatican City
82%
Argentina
81%
Ceylon
81%
Ecuador
81%
France
81%
Italy
81%
Ivory Coast
81%
Morocco
81%
Nigeria
81%
Peru
81%
Singapore
81%
Algeria
80%
Hungary
80%
Liberia
80%
Malaysia
80%
Republic of China
80%
Costa Rica
79%
Cuba
79%
Honduras
79%
Malawi
79%
North Korea
79%
Paraguay
79%
Dominican Republic
78%
Jordan
78%
Liechtenstein
78%
Mongolia
78%
Nicaragua
78%
Niger
78%
Somalia
78%
Sweden
78%
Cambodia
77%
Libya
77%
South Africa
77%
Trinidad and Tobago
77%
Yugoslavia
77%
El Salvador
76%
Kuwait
76%
Maldive Islands
76%
Haiti
75%
North Vietnam
75%
Philippines
75%
Andorra
74%
Guatemala
74%
Mauritania
74%
Tanzania
74%
Western Samoa
74%
Zambia
74%
Burundi
73%
Democratic Republic of the Congo
73%
Romania
73%
Sierra Leone
73%
Togo
73%
Dahomey
72%
Senegal
72%
Chad
71%
Ethiopia
71%
Republic of the Congo
71%
Rwanda
71%
Gambia
69%
South Vietnam
69%
Syria
69%
Central African Republic
68%
Mali
68%
Bolivia
67%
Iraq
67%
Laos
67%
Gabon
65%
Greece
65%
Cameroon
64%
Guinea
63%
Iran
61%
United Arab Republic
61%
Yemen
61%
Ghana
60%
Burma
51%
Upper Volta
40%
Sudan
28%
Rhodesia
24%

Score Distribution

Percentile by Number Answered

Percent of People with Each Score

Your Score History

You have not taken this quiz